| 000 | 00682nam a2200217 a 4500 | ||
|---|---|---|---|
| 001 | 000046306 | ||
| 003 | DO-SdBNP | ||
| 005 | 20250205091118.0 | ||
| 007 | ta | ||
| 008 | 140604s1994 dr 000 j spa d | ||
| 040 |
_aDO-SdBNP _bspa _cBNPHU |
||
| 082 |
_axxxx _bP925n |
||
| 110 | 1 |
_aRepública Dominicana. _bSecretaría de Estado de Educación, Bellas Artes y Cultos, |
|
| 245 | 0 | 0 |
_aPremio nacional de literatura 1994 : _bprograma. |
| 260 |
_aSanto Domingo : _bFundación Corripio, _c1994. |
||
| 300 |
_a6 p. ; _c26 cm. |
||
| 586 | _aPremio Nacional de Literatura 1994 | ||
| 600 | 1 | 4 |
_aRUEDA, MANUEL, _d1921- _926771 |
| 710 | 2 |
_aFundación Corripio, _974322 |
|
| 942 |
_2ddc _cLBS1 |
||
| 999 |
_c45795 _d45795 |
||